000 00680nam a2200217 a 4500
001 000016801
003 DO-SdBNP
005 20250409122710.0
007 ta
008 100310s1980 dr ao gr 001 0 spa d
040 _aDO-SdBNP
_bspa
_cBNPHU
082 4 _a378.7293
_bU58h
_222
110 1 _aUniversidad Central del Este
_937229
245 1 0 _aHistoria y trayectoria. /
_cEdición al cuidado de Francisco Comarazamy
260 _aSan Pedro de Macorís :
_bEdiciones UCE,
_c1980
300 _a89 p. :
_bil. ;
_c21 cm
500 _aIncluye notas al pie de fotos
590 _aInventariado, 2020 / YL
650 4 _aUniversidad central del este
_xHistoria
_937230
942 _2ddc
_cLBS1
999 _c16333
_d16333